Las aventuras de Sherlock Holmes

Na minha lista:
Detalhes bibliográficos
Autor principal: Conan Doyle, Arthur Sir (Autor)
Outros Autores: Vicente, Fernando (ilustraciones)
Formato: Desconhecido
Idioma:inglês
Publicado em: Barcelona, España: Alma, 2018
Edição:Edición revisada y actualizada.
coleção:Alma Clásicos Ilustrados
Assuntos:
Tags: Adicionar Tag
Sem tags, seja o primeiro a adicionar uma tag!

MARC

LEADER 00000 a2200000 4500
003 CL-VaPUC
005 20220112125154.0
008 220106b2018 ||||| |||| 00| 0 eng d
999 |c 434009  |d 434007 
020 |a 9788415618829 
040 |c Pontificia Universidad Católica de Valparaíso 
082 7 |a 823 DOY 2018  |2 22 
100 1 |a Conan Doyle, Arthur  |9 349936  |c Sir  |e author 
245 1 4 |a Las aventuras de Sherlock Holmes 
250 |a Edición revisada y actualizada. 
260 |a Barcelona, España:  |b Alma,   |c 2018 
300 |a 322 páginas  
490 |a Alma Clásicos Ilustrados  
583 |k Cristina María Rojas Aguilar  |c 20220106 
650 |a Novelas inglesas   |9 265220 
650 |a Literatura inglesa   |9 312907 
650 |a Historias de detectives y de misterio  |9 865623 
700 |a Vicente, Fernando  |e ilustraciones   |9 865624 
942 |2 ddc  |c BK 
952 |0 0  |1 0  |2 ddc  |4 0  |6 823_000000000000000_DOY_2018  |7 0  |8 A  |9 580213  |a BIBENE  |b BIBENE  |c GEN  |d 2022-01-06  |e 3  |g 12743.00  |i 5633869  |l 1  |o 823 DOY 2018  |p 5633869  |r 2025-01-15  |s 2022-04-21  |t 1  |v 12743.00  |w 2022-01-06  |y BK  |k ICO